| 000 | 00945nam a2200301 a 4500 | ||
|---|---|---|---|
| 001 | 000114434 | ||
| 003 | CHAP | ||
| 005 | 20220817044755.0 | ||
| 008 | 180126s1979 mx |r| |||||||spa d | ||
| 010 | _a110895 | ||
| 011 | _a111867 | ||
| 040 | _cCHAP | ||
| 090 | _aFolleto 4821 | ||
| 100 | 0 | 0 |
_aMoreno Díaz, Leopoldo. _978592 |
| 245 | 1 | 0 |
_aRespuesta del tomate (Lycopersicum Esculentum L.) a densidades de poblacion, laminas y frecuencias riego por goteo / _cpor Leopoldo Moreno Diáz. |
| 260 |
_aMéxico, D.F. : _bSARH. Dirección General de Distritos y Unidades de Riego, _c1979. |
||
| 300 | _a30 h. | ||
| 490 | _v386 | ||
| 590 |
_aE5765TAJ _b05 _c20180126 _lUCH01 _h0912 |
||
| 650 | 1 | 4 |
_aRiego por goteo. _997380 |
| 650 | 1 | 4 |
_aTomate _xCultivo. _9130266 |
| 650 | 1 | 4 |
_aTomate _xIrrigación. _9113733 |
| 650 | 1 | 4 |
_aTomate _xRendimiento. _9113761 |
| 830 | 0 |
_aMemorandum técnico _v386 |
|
| 901 | _aBK | ||
| 942 | _cFOLL | ||
| 942 | _n0 | ||
| 999 |
_c110895 _d110895 |
||